000 00249nam a22001097a 4500
008 180730b xxu||||| |||| 00| 0 eng d
082 _a813.52
245 _aMarilyn Monroe
_cWilderness
300 _a1
_fCD
440 _x056775033095
942 _2ddc
_cMX
999 _c46684
_d46684